| 000 | 01593nam0a2200337 4500 | ||
|---|---|---|---|
| 001 | RU\NLR\bibl\497901 | ||
| 005 | 20250623201003.0 | ||
| 010 |
_a5-7944-0376-4 _9500 |
||
| 021 |
_aRU _b2003-67378 _93325 |
||
| 035 | _a(NLR Aleph) 000490521 | ||
| 090 |
_a1110643 _c1110643 |
||
| 100 | _a20040305d2003 |||y0rusy50 ca | ||
| 101 | 0 | _arus | |
| 102 | _aRU | ||
| 105 | _aa ||||||||| | ||
| 200 | 1 |
_aИнвестиционная деятельность: организация и государственно-правовое регулирование _eУчеб. пособие _fР.В. Чикулаев _gМ-во образования Рос. Федерации, Перм. гос. ун-т |
|
| 210 |
_aПермь _cПерм. ун-т _d2003 |
||
| 215 |
_a167 с. _cил. _d20 |
||
| 320 | _aБиблиогр.: с. 148-149 | ||
| 606 | 0 |
_aИнвестиционная деятельность _jРуководства, пособия и т.п. для высшей школы _yРоссийская Федерация _92144512 _3RU\NLR\auth\661292149 |
|
| 606 | 0 |
_aИнвестиционная деятельность _jУчебные издания для высших учебных заведений _yРоссийская Федерация _92144512 _3RU\NLR\auth\661292149 |
|
| 686 | _aУ9(2)-56(2Р)я73 | ||
| 686 | _aХ621.140.4я73 | ||
| 700 | 1 |
_aЧикулаев _bР. В. _gРоман Владимирович _4070 |
|
| 801 | 0 |
_aRU _bNLR _c20040305 _gPSBO |
|
| 801 | 1 |
_aRU _bNLR _c20040305 |
|
| 830 | _aавт. по кн. | ||
| 942 | _cBOOK | ||
| 980 | _aNB | ||
| 980 | _aNBR | ||